书目信息 |
| 题名: |
电动力学简明教程
|
|
| 作者: | 钟采池 编 | |
| 分册: | ||
| 出版信息: | 南昌 江西物理学会 1983.1 |
|
| 页数: | 190页 | |
| 开本: | 20cm | |
| 丛书名: | ||
| 单 册: | ||
| 中图分类: | O442 | |
| 科图分类: | ||
| 主题词: | 电磁学 , 电动力学 | |
| 电子资源: | ||
| ISBN: | ||
| 000 | 00665nam0 2200217 45 | |
| 001 | 0312221749 | |
| 005 | 20070922101108.26 | |
| 010 | @dCNY1.16 | |
| 100 | @a20031222d1983 km y0chiy0120 ea | |
| 101 | @achi | |
| 200 | 1 | @a电动力学简明教程@e理论物理概论之一@ELi Lun Wu Li Gai Lun Zhi Yi@ADian Dong Li Xue Jian Ming Jiao Cheng@f钟采池等编@FZhong Cai Chi Deng Bian |
| 210 | @a南昌@c江西物理学会@d1983.1 | |
| 215 | @a190页@d20cm | |
| 300 | @a高等师范专科学校交流讲义 | |
| 517 | @a理论物理概论之一@ALi Lun Wu Li Gai Lun Zhi Yi | |
| 606 | 0 | @a电磁学 |
| 606 | 0 | @a电动力学 |
| 690 | @aO442@v3 | |
| 701 | 0 | @a钟采池@4编 |
| 801 | @aCN@bTSTCL@c20070922 | |
| 905 | @dO442@e1 | |
| 电动力学简明教程:理论物理概论之一/钟采池等编.-南昌:江西物理学会,1983.1 |
| 190页;20cm |
| 高等师范专科学校交流讲义 |
| ISBN :CNY1.16 |
| ● |
| 相关链接 |
|
|
|
|
正题名:电动力学简明教程
索取号:O442/1
 
预约/预借
| 序号 | 登录号 | 条形码 | 馆藏地/架位号 | 状态 | 备注 |
| 1 | 0094927 | 001456445 | 第三借阅区/ [索取号:O442/1] | 在馆 | |
| 2 | 0094928 | 001456463 | 第三借阅区/ [索取号:O442/1] | 在馆 | |
| 3 | 0094929 | 001456490 | 第三借阅区/ [索取号:O442/1] | 在馆 | |
| 4 | 0094930 | 001950259 | 第三借阅区/ [索取号:O442/1] | 在馆 | |
| 5 | 0094931 | 001456436 | 第二样本阅览室/ [索取号:O442/1] | 在馆 | |
| 6 | 0422069 | 204220690 | 密集书库/ [索取号:O442/1] | 在馆 | |
| 7 | 0434065 | 204340659 | 密集书库/ [索取号:O442/1] | 在馆 | |
| 8 | 0434066 | 204340668 | 密集书库/ [索取号:O442/1] | 在馆 | |
| 9 | 0434067 | 204340677 | 密集书库/ [索取号:O442/1] | 在馆 | |
| 10 | 0609359 | 206093591 | 密集书库/ [索取号:O442/1] | 在馆 |